000 00396nam a2200145Ia 4500
008 230917s9999||||xx |||||||||||||| ||und||
040 _e98324
_aMAIN
041 _aEnglish
082 _a362.22 C547A
100 _aClark, David
245 0 _aAdministrative theosophy: The role of the doctor in therapeutic community
260 _aLondon
_bTavistock
_c1959
300 _axi, 160 p.
942 _cBK
999 _c183379
_d183379